部首为彳的常见中文汉字 Common Chinese characters with the radical “Step” - Statistics

General Stats
  • This quiz has been taken 29 times
    28 since last reset
  • The average score is 15 of 33
Answer Stats
拼音首字母 笔画数 汉字 % Correct
x 6
93%
w 8
78%
c 3
74%
p 11
70%
h 9
67%
p 7
63%
d 15
59%
h 9
59%
y 9
59%
d 11
56%
t 10
56%
x 10
56%
b 8
52%
h 12
52%
y 7
52%
l 9
48%
z 8
48%
c 7
44%
c 11
44%
l 10
44%
j 8
41%
w 13
41%
x 12
41%
d 9
37%
x 11
37%
h 17
33%
y 12
33%
y 13
33%
c 8
26%
x 9
15%
j 12
11%
p 12
11%
j 16
7%
No matching quizzes found
Score Distribution
Percent of People with Each Score
Percentile by Number Answered
Your Score History
You have not taken this quiz since the last reset